| 000 | 02760nam a22002657a 4500 | ||
|---|---|---|---|
| 005 | 20240305165556.0 | ||
| 007 | cr|||| |||| | ||
| 008 | 210204s2020 es |||||s|||| 00||0 spa d | ||
| 020 | _a978-84-1377-121-2 | ||
| 035 | _a32947 | ||
| 040 | _avLex | ||
| 090 |
_c11087 _d11087 |
||
| 100 | 1 | _aRamírez, Jesús Martín | |
| 245 | 1 | 2 |
_aLa violencia en la familia _h[Recurso electrónico] / _cJesús Martín Ramírez, Valentín Martínez-Otero Pérez |
| 256 | _aServicio en línea | ||
| 260 |
_aMadrid: _bDykinson, _c2020 |
||
| 300 | _a1 recurso electrónico | ||
| 500 | _aLa Violencia en la Familia es una obra colectiva, surgida por iniciativa del Grupo Complutense de Investigación: Psicosociobiología de la Violencia: Educación y Prevención, junto con la Fundación CICA International, con apoyo del Vicerrectorado de Investigación y Transferencia de la Universidad Complutense de Madrid. Este libro inaugura una serie de carácter científico y humanístico de alcance internacional que reunirá obras de naturaleza dual, a un tiempo libros y revistas especializados, en que se combinen el rigor de la investigación con la difusión de los conocimientos, buscando la orientación cultural, educativa y preventiva. Diversificada en cuatro grandes bloques temáticos psicopeda-gógico, neuropsicológico-terapéutico, legal y sociopolítico, La Violencia en la Familia es fruto de la aportación interdisciplinar de una veintena de universitarios de siete países Brasil, Colombia, España, Estados Unidos, México, Polonia y República Dominicana, procedentes principalmente de los campos de la salud, del derecho y de la educación. Esta obra quiere contribuir a que se tome conciencia del problema de la violencia en la familia, destacando el principal papel que corresponde a la actuación educativa, jurídica, sanitaria y sociopolítica en su prevención, así como en el abordaje de sus consecuencias, ofreciendo una plataforma para fortalecer el compromiso con los valores y las acciones que impulsan el respeto a la dignidad de toda persona y las relaciones humanas saludables dondequiera que acontezcan, particularmente en el seno familiar, que ha de ser un ámbito presidido por la seguridad y el afecto. | ||
| 506 | 1 |
_aDisponible solo en los productos indicados _dvLex Global _dvLex Global (Academic Edition, excluding Law Schools) _dvLex Global (U.S. Academic Edition, Law Schools) _dvLex Global (U.S. Academic Edition, excluding Law Schools) _dvLex Global (Academic Edition, Law Schools) |
|
| 650 | 0 | 4 |
_aFamilia y Sucesiones _zEspaña |
| 700 | 1 | _aMartínez-Otero Pérez, Valentín | |
| 740 | 0 | _avLex Libros (Servicio en línea) | |
| 856 | 4 | 0 | _uhttps://app.vlex.com/#/sources/violencia-en-la-familia-32947 |
| 942 | _cRAA | ||
| 999 |
_c169323 _d169323 |
||